Escala de valores (Record no. 512)

MARC details
000 -LEADER
campo de control de longitud fija 00836nam a22001937a 4500
008 - DATOS DE LONGITUD FIJA--INFORMACIÓN GENERAL
campo de control de longitud fija 150410b xxu||||| |||| 00| 0 eng d
020 ## - NÚMERO INTERNACIONAL ESTÁNDAR DEL LIBRO
Número Internacional Estándar del Libro 9789930949825
082 ## - NÚMERO DE LA CLASIFICACIÓN DECIMAL DEWEY
Número de clasificación 707
Número de ítem Ch512e
100 ## - ENTRADA PRINCIPAL--NOMBRE DE PERSONA
Nombre de persona Chavarría Zamora, María Jose
9 (RLIN) 2379
245 ## - MENCIÓN DEL TÍTULO
Título Escala de valores
Resto del título Walterio Iraheta
Mención de responsabilidad, etc. Chavarria Zamora, Maria Jose (curadora)
260 ## - PUBLICACIÓN, DISTRIBUCIÓN, ETC.
Lugar de publicación, distribución, etc. San José, Costa Rica
Nombre del editor, distribuidor, etc. Museo de Arte y Diseño Contemporaneo MADC
Fecha de publicación, distribución, etc. 2014
300 ## - DESCRIPCIÓN FÍSICA
Extensión 50 p.
Otras características físicas ill. (col)
Dimensiones 24 cm.
505 ## - NOTA DE CONTENIDO CON FORMATO
Título Walterio Iraheta. El orden del caos / Fiorella Resenterra
-- Escala de Valores / María José Chavarría
650 ## - PUNTO DE ACCESO ADICIONAL DE MATERIA--TÉRMINO DE MATERIA
Subdivisión general Arte-catálogos
-- Arte contemporáneo-America Latina
-- Bellas artes
9 (RLIN) 2384
700 ## - ENTRADA AGREGADA--NOMBRE PERSONAL
Nombre de persona Walterio Iraheta (fot),
9 (RLIN) 2385
720 ## - ENTRADA AGREGADA--NOMBRE NO CONTROLADO
Nombre Maria José Chavarría Zamora
Término indicativo de función/relación curadora
720 ## - ENTRADA AGREGADA--NOMBRE NO CONTROLADO
Nombre Natasha Mclver
Término indicativo de función/relación Traductora
720 ## - ENTRADA AGREGADA--NOMBRE NO CONTROLADO
Nombre Walterio Iraheta
Término indicativo de función/relación Fotógrafo
Holdings
Estatus retirado Estado de pérdida Fuente del sistema de clasificación o colocación Estado de daño No para préstamo Biblioteca de origen Biblioteca actual Ubicación en estantería Fecha de adquisición Total de préstamos Signatura topográfica completa Código de barras Visto por última vez Precio de reemplazo Tipo de ítem Koha
    Clasificación Decimal Dewey     Biblioteca LadoV Biblioteca LadoV   10/04/2015   707 Ch 512e 004029 10/04/2015 10/04/2015 Material 01